<?xml version="1.0" encoding="UTF-8"?>
<record
    xmlns:xsi="http://www.w3.org/2001/XMLSchema-instance"
    xsi:schemaLocation="http://www.loc.gov/MARC21/slim http://www.loc.gov/standards/marcxml/schema/MARC21slim.xsd"
    xmlns="http://www.loc.gov/MARC21/slim">

  <leader>02081nam a22003015i 4500</leader>
  <datafield tag="999" ind1=" " ind2=" ">
    <subfield code="c">28735</subfield>
    <subfield code="d">28706</subfield>
  </datafield>
  <controlfield tag="003">EG-ScBUE</controlfield>
  <controlfield tag="005">20200917131611.0</controlfield>
  <controlfield tag="008">200219s2019    ua o   f      000 0bara d</controlfield>
  <datafield tag="017" ind1=" " ind2=" ">
    <subfield code="a">2019 - 2028</subfield>
  </datafield>
  <datafield tag="020" ind1=" " ind2=" ">
    <subfield code="a">9789772369560</subfield>
  </datafield>
  <datafield tag="040" ind1=" " ind2=" ">
    <subfield code="a">EG-ScBUE</subfield>
    <subfield code="b">ara</subfield>
    <subfield code="e">rda</subfield>
    <subfield code="c">EG-ScBUE</subfield>
    <subfield code="d">EG-ScBUE</subfield>
  </datafield>
  <datafield tag="043" ind1=" " ind2=" ">
    <subfield code="a">f-sd---</subfield>
  </datafield>
  <datafield tag="082" ind1="0" ind2="4">
    <subfield code="a">320.962404</subfield>
    <subfield code="b">&#x639; &#x627; &#x637;</subfield>
    <subfield code="2">22</subfield>
  </datafield>
  <datafield tag="100" ind1="1" ind2=" ">
    <subfield code="a">&#x639;&#x627;&#x638;&#x641;&#x60C; &#x633;&#x627;&#x644;&#x64A;&#x60C;</subfield>
    <subfield code="e">&#x645;&#x639;&#x62F;.</subfield>
  </datafield>
  <datafield tag="245" ind1="1" ind2="0">
    <subfield code="a">&#x645;&#x627;&#x646;&#x62F;&#x64A;&#x644;&#x627; &#x627;&#x644;&#x62C;&#x646;&#x648;&#x628; &#x648;&#x631;&#x62D;&#x644;&#x62A;&#x64A; &#x625;&#x644;&#x649; &#x62C;&#x648;&#x628;&#x627; /</subfield>
    <subfield code="c">&#x625;&#x639;&#x62F;&#x627;&#x62F; &#x648;&#x62A;&#x648;&#x62B;&#x64A;&#x642; &#x633;&#x627;&#x644;&#x64A; &#x639;&#x627;&#x637;&#x641;.</subfield>
  </datafield>
  <datafield tag="264" ind1=" " ind2="1">
    <subfield code="a">&#x627;&#x644;&#x642;&#x627;&#x647;&#x631;&#x629; :</subfield>
    <subfield code="b">&#x62F;&#x627;&#x631; &#x627;&#x644;&#x62C;&#x645;&#x647;&#x648;&#x631;&#x64A;&#x629; &#x644;&#x644;&#x635;&#x62D;&#x627;&#x641;&#x629;&#x60C;</subfield>
    <subfield code="c">2019.</subfield>
  </datafield>
  <datafield tag="300" ind1=" " ind2=" ">
    <subfield code="a">183 &#x635;&#x641;&#x62D;&#x629; :</subfield>
    <subfield code="b">&#x635;&#x648;&#x631; &#x61B;</subfield>
    <subfield code="c">22 &#x633;&#x645;</subfield>
  </datafield>
  <datafield tag="336" ind1=" " ind2=" ">
    <subfield code="a">&#x646;&#x635;</subfield>
    <subfield code="b">txt</subfield>
    <subfield code="2">rdacontent</subfield>
  </datafield>
  <datafield tag="337" ind1=" " ind2=" ">
    <subfield code="a">&#x628;&#x62F;&#x648;&#x646; &#x648;&#x633;&#x64A;&#x637;</subfield>
    <subfield code="b">n</subfield>
    <subfield code="2">rdamedia</subfield>
  </datafield>
  <datafield tag="338" ind1=" " ind2=" ">
    <subfield code="a">&#x645;&#x62C;&#x644;&#x62F;</subfield>
    <subfield code="b">nc</subfield>
    <subfield code="2">rdacarrier</subfield>
  </datafield>
  <datafield tag="520" ind1=" " ind2=" ">
    <subfield code="a">&#x64A;&#x62A;&#x646;&#x627;&#x648;&#x644; &#x627;&#x644;&#x643;&#x62A;&#x627;&#x628; &#x62C;&#x648;&#x627;&#x646;&#x628; &#x645;&#x62E;&#x62A;&#x644;&#x641;&#x629; &#x641;&#x64A; &#x62D;&#x64A;&#x627;&#x629; &#x627;&#x644;&#x62F;&#x643;&#x62A;&#x648;&#x631; &#x62C;&#x648;&#x646; &#x63A;&#x627;&#x631;&#x627;&#x646;&#x63A; (&#x642;&#x631;&#x646;&#x642;)&#x60C; &#x628;&#x62F;&#x627;&#x64A;&#x629; &#x645;&#x646; &#x646;&#x634;&#x623;&#x62A;&#x647; &#x648;&#x642;&#x628;&#x64A;&#x644;&#x62A;&#x647; &#x648;&#x623;&#x64A;&#x646; &#x62A;&#x631;&#x639;&#x631;&#x639;&#x60C; &#x625;&#x644;&#x649; &#x62F;&#x631;&#x627;&#x633;&#x62A;&#x647; &#x648;&#x633;&#x641;&#x631;&#x647; &#x625;&#x644;&#x649; &#x627;&#x644;&#x62E;&#x627;&#x631;&#x62C;&#x60C; &#x648;&#x62A;&#x623;&#x647;&#x64A;&#x644;&#x647; &#x627;&#x644;&#x639;&#x627;&#x644;&#x64A;&#x60C; &#x627;&#x644;&#x630;&#x649; &#x62D;&#x635;&#x644; &#x639;&#x644;&#x64A;&#x647; &#x641;&#x649; &#x627;&#x644;&#x645;&#x62C;&#x627;&#x644;&#x64A;&#x646; &#x627;&#x644;&#x639;&#x633;&#x643;&#x631;&#x64A; &#x648;&#x627;&#x644;&#x623;&#x643;&#x627;&#x62F;&#x64A;&#x645;&#x64A;&#x60C; &#x627;&#x644;&#x630;&#x64A; &#x623;&#x639;&#x637;&#x627;&#x647; &#x634;&#x62E;&#x635;&#x64A;&#x629; &#x643;&#x627;&#x631;&#x64A;&#x632;&#x645;&#x64A;&#x629; &#x62D;&#x62A;&#x649; &#x62A;&#x645;&#x631;&#x62F;&#x647; &#x648;&#x627;&#x646;&#x634;&#x642;&#x627;&#x642;&#x647; &#x645;&#x646; &#x62C;&#x64A;&#x634; &#x627;&#x644;&#x62E;&#x631;&#x637;&#x648;&#x645; &#x623;&#x648; &#x62F;&#x648;&#x644;&#x629; &#x627;&#x644;&#x633;&#x648;&#x62F;&#x627;&#x646; &#x622;&#x646;&#x630;&#x627;&#x643;. &#x648;&#x64A;&#x644;&#x642;&#x64A; &#x627;&#x644;&#x643;&#x62A;&#x627;&#x628; &#x627;&#x644;&#x636;&#x648;&#x621; &#x639;&#x644;&#x649; &#x62C;&#x648;&#x627;&#x646;&#x628; &#x634;&#x627;&#x626;&#x643;&#x629;&#x60C; &#x648;&#x648;&#x636;&#x639; &#x62C;&#x646;&#x648;&#x628; &#x627;&#x644;&#x633;&#x648;&#x62F;&#x627;&#x646; &#x645;&#x646; 2010 &#x625;&#x644;&#x649; 2018&#x60C; &#x648;&#x645;&#x644;&#x641; "&#x62A;&#x631;&#x633;&#x64A;&#x645; &#x627;&#x644;&#x62D;&#x62F;&#x648;&#x62F; &#x628;&#x64A;&#x646; &#x62C;&#x645;&#x647;&#x648;&#x631;&#x64A;&#x629; &#x62C;&#x646;&#x648;&#x628; &#x627;&#x644;&#x633;&#x648;&#x62F;&#x627;&#x646; &#x648;&#x627;&#x644;&#x633;&#x648;&#x62F;&#x627;&#x646;"&#x60C; &#x648;&#x645;&#x644;&#x641; &#x622;&#x62E;&#x631; &#x623;&#x643;&#x62B;&#x631; &#x62E;&#x637;&#x648;&#x631;&#x629; &#x648;&#x647;&#x648; "&#x642;&#x636;&#x64A;&#x629; &#x622;&#x628;&#x64A;&#x64A;"&#x60C; &#x627;&#x644;&#x62A;&#x64A; &#x644;&#x627; &#x62A;&#x632;&#x627;&#x644; &#x639;&#x627;&#x644;&#x642;&#x629; &#x62F;&#x648;&#x646; &#x62D;&#x644;&#x648;&#x644; &#x633;&#x648;&#x627;&#x621; &#x645;&#x646; &#x647;&#x645; &#x623;&#x62D;&#x642; &#x628;&#x647;&#x627; &#x643;&#x642;&#x628;&#x64A;&#x644;&#x629; "&#x627;&#x644;&#x62F;&#x64A;&#x646;&#x643;&#x627; &#x623;&#x645; &#x627;&#x644;&#x645;&#x633;&#x64A;&#x631;&#x64A;&#x629;" &#x648;&#x645;&#x646; &#x644;&#x647; &#x627;&#x644;&#x62D;&#x642; &#x641;&#x649; &#x62A;&#x631;&#x633;&#x64A;&#x645; &#x62D;&#x62F;&#x648;&#x62F;&#x647;&#x627; &#x623;&#x648; &#x62A;&#x62D;&#x62F;&#x64A;&#x62F; &#x62A;&#x628;&#x639;&#x64A;&#x62A;&#x647;&#x627;.</subfield>
  </datafield>
  <datafield tag="541" ind1=" " ind2=" ">
    <subfield code="a">&#x627;&#x644;&#x633;&#x641;&#x64A;&#x631; &#x639;&#x644;&#x64A; &#x627;&#x644;&#x62D;&#x641;&#x646;&#x64A; &#x61B;</subfield>
    <subfield code="c">&#x625;&#x647;&#x62F;&#x627;&#x621; &#x61B;</subfield>
  </datafield>
  <datafield tag="600" ind1="1" ind2="7">
    <subfield code="a">&#x642;&#x631;&#x646;&#x642;&#x60C; &#x62C;&#x648;&#x646;&#x60C;</subfield>
    <subfield code="d">1945-2005</subfield>
    <subfield code="x">&#x633;&#x64A;&#x631;&#x629; &#x630;&#x627;&#x62A;&#x64A;&#x629;.</subfield>
    <subfield code="2">BUEsh</subfield>
  </datafield>
  <datafield tag="650" ind1=" " ind2="7">
    <subfield code="a">&#x62C;&#x646;&#x648;&#x628; &#x627;&#x644;&#x633;&#x648;&#x62F;&#x627;&#x646;</subfield>
    <subfield code="x">&#x633;&#x64A;&#x627;&#x633;&#x629; &#x648;&#x62D;&#x643;&#x648;&#x645;&#x629;.</subfield>
    <subfield code="2">BUEsh</subfield>
  </datafield>
  <datafield tag="651" ind1=" " ind2=" ">
    <subfield code="2">BUEsh</subfield>
  </datafield>
  <datafield tag="653" ind1=" " ind2=" ">
    <subfield code="b">BUSBOL</subfield>
    <subfield code="c">September2020</subfield>
  </datafield>
  <datafield tag="942" ind1=" " ind2=" ">
    <subfield code="2">ddc</subfield>
  </datafield>
  <datafield tag="952" ind1=" " ind2=" ">
    <subfield code="0">0</subfield>
    <subfield code="1">0</subfield>
    <subfield code="2">ddc</subfield>
    <subfield code="4">0</subfield>
    <subfield code="7">0</subfield>
    <subfield code="8">Donation-G</subfield>
    <subfield code="a">MAIN</subfield>
    <subfield code="b">MAIN</subfield>
    <subfield code="c">1ST</subfield>
    <subfield code="d">2020-09-17</subfield>
    <subfield code="e">Purchase</subfield>
    <subfield code="o">320.962404 &#x639; &#x627; &#x637;</subfield>
    <subfield code="p">000049685</subfield>
    <subfield code="r">2025-07-15 00:00:00</subfield>
    <subfield code="x">&#x625;&#x647;&#x62F;&#x627;&#x621; &#x645;&#x646; &#x627;&#x644;&#x633;&#x641;&#x64A;&#x631; &#x639;&#x644;&#x64A; &#x627;&#x644;&#x62D;&#x641;&#x646;&#x64A;</subfield>
    <subfield code="y">BB</subfield>
  </datafield>
  <datafield tag="952" ind1=" " ind2=" ">
    <subfield code="0">0</subfield>
    <subfield code="1">0</subfield>
    <subfield code="2">ddc</subfield>
    <subfield code="4">0</subfield>
    <subfield code="7">0</subfield>
    <subfield code="8">Donation-G</subfield>
    <subfield code="a">MAIN</subfield>
    <subfield code="b">MAIN</subfield>
    <subfield code="c">1ST</subfield>
    <subfield code="d">2020-09-17</subfield>
    <subfield code="e">Purchase</subfield>
    <subfield code="o">320.962404 &#x639; &#x627; &#x637;</subfield>
    <subfield code="p">000049686</subfield>
    <subfield code="r">2025-07-15 00:00:00</subfield>
    <subfield code="x">&#x625;&#x647;&#x62F;&#x627;&#x621; &#x645;&#x646; &#x627;&#x644;&#x633;&#x641;&#x64A;&#x631; &#x639;&#x644;&#x64A; &#x627;&#x644;&#x62D;&#x641;&#x646;&#x64A;</subfield>
    <subfield code="y">BB</subfield>
  </datafield>
</record>
